Dictionary of agriculture

Zapisane w:
Opis bibliograficzny
1. autor: Gunther Haesch
Format: Książka
Język:Undetermined
Wydane: New York Elsevier 1966
Hasła przedmiotowe:
Etykiety: Dodaj etykietę
Nie ma etykietki, Dołącz pierwszą etykiete!
Thư viện lưu trữ: Trung tâm Học liệu Trường Đại học Cần Thơ
LEADER 00475nam a2200181Ia 4500
001 CTU_26589
008 210402s9999 xx 000 0 und d
082 |a 630.03 
082 |b H135 
100 |a Gunther Haesch 
245 0 |a Dictionary of agriculture 
245 0 |c Gunther Haesch 
260 |a New York 
260 |b Elsevier 
260 |c 1966 
650 |a agriculture - terminology 
904 |i Minh, 981014 
980 |a Trung tâm Học liệu Trường Đại học Cần Thơ